| 000 | 00702nmc a2200277 a 4500 | ||
|---|---|---|---|
| 003 | AR-BaBNM | ||
| 005 | 20251128210945.0 | ||
| 008 | 102020s1994 ||||||||||||||000 | spa|| | ||
| 020 | _a950-534-280-2 | ||
| 040 | _cAR-BaBNM | ||
| 100 | 1 | _aAlberdi, Juan Bautista | |
| 245 | 1 | 0 | _aEl crimen de la guerra |
| 260 |
_aSan Paulo _bA-Z editora _c1994 |
||
| 300 | 0 | _a216 p. | |
| 490 | 0 | _aTestimonial | |
| 650 | 4 | _aHISTORIOGRAFIA ARGENTINA | |
| 650 | 4 | _aGUERRA DEL PARAGUAY | |
| 650 | 4 | _aPRESIDENCIAS ARGENTINAS | |
| 650 | 4 | _aHISTORIA POLITICA | |
| 650 | 4 | _aHISTORIA SOCIAL | |
| 650 | 4 | _aGUERRA | |
| 650 | 4 | _aNEUTRALIDAD | |
| 650 | 4 | _aRELACIONES EXTERIORES | |
| 942 | _cBK | ||
| 998 | _cMariana | ||
| 999 |
_c17631 _d17631 |
||